000 01022nam a2200277Ia 4500
003 OSt
005 20221005110555.0
006 a|||||r|||| 00| 0
007 ta
008 221004b |||||||| |||| 00| 0 hin d
020 _a9789326351171 (hbk)
_c140
024 _a8288
037 _b217, 29/11/2013, Eastern Book Linkers
_cTextual
040 _aCRL
_cCRL
_bhin
041 _2hin
_ahin
082 _aO152,3N505x, Q3
100 _aवाल्मीकि, ओम प्रकाश
245 0 _aछतरी
246 _aChhatarī
260 _aनई दिल्ली
_bभारतीय ज्ञानपीठ भारत
_c2013
300 _a130पृ0
_ccm.
490 _aलोकोदय ग्रन्थमाला; ग्रन्थांक 1173
650 _aहिन्दी साहित्य
942 _hO152,3N505x, Q3
_cTEXL
_2cc
999 _c1019250
_d1019250